000
00186 a2200097 4500
020
_a
978-0-06-054093-7
041
_a
eng
100
_a
Jance, J.A
245
_a
Justice denied
942
_c
BK
999
_c
16496
_d
16496